Bài tập quy hoạch tuyến tính
Một số khái niệm về giải tích lồi và các kí hiệu thường dùng trong quy hoạch tuyến tính; Bài toán quy hoạch tuyến tính, phương pháp đơn hình, thuật toán, bài toán quy hoạch tuyến tính đối ngẫu, bài toán vận tải, thuật toán thế vị......
Na minha lista:
| Autor principal: | |
|---|---|
| Formato: | Livro |
| Idioma: | Undetermined |
| Publicado em: |
Hà Nội
Nxb. Đại học Sư phạm
2017
|
| Assuntos: | |
| Tags: |
Adicionar Tag
Sem tags, seja o primeiro a adicionar uma tag!
|
| Thư viện lưu trữ: | Trung tâm Học liệu Trường Đại học Cần Thơ |
|---|
| LEADER | 00948nam a2200205Ia 4500 | ||
|---|---|---|---|
| 001 | CTU_224088 | ||
| 008 | 210402s9999 xx 000 0 und d | ||
| 020 | |c 69000,9786045405369 | ||
| 082 | |a 512.5076 | ||
| 082 | |b B105 | ||
| 100 | |a Phí, Mạnh Ban | ||
| 245 | 0 | |a Bài tập quy hoạch tuyến tính | |
| 245 | 0 | |c Phí Mạnh Ban | |
| 260 | |a Hà Nội | ||
| 260 | |b Nxb. Đại học Sư phạm | ||
| 260 | |c 2017 | ||
| 520 | |a Một số khái niệm về giải tích lồi và các kí hiệu thường dùng trong quy hoạch tuyến tính; Bài toán quy hoạch tuyến tính, phương pháp đơn hình, thuật toán, bài toán quy hoạch tuyến tính đối ngẫu, bài toán vận tải, thuật toán thế vị... | ||
| 650 | |a Linear algebra,Đại số tuyến tính | ||
| 910 | |b tttuyen | ||
| 980 | |a Trung tâm Học liệu Trường Đại học Cần Thơ | ||